Η κατά το 1942 επιδημία ελονοσίας εν Μακεδονία : και τα εκ ταύτης συμπεράσματα

Αποθηκεύτηκε σε:
Λεπτομέρειες βιβλιογραφικής εγγραφής
Κύριος συγγραφέας: Μαντέκος, Αθανάσιος Γ.
Μορφή: Βιβλίο
Γλώσσα:Greek
Δημοσίευση: Θεσσαλονίκη : Ελληνική Ιατρική, 1946.
Θέματα:
Ετικέτες: Προσθήκη ετικέτας
Δεν υπάρχουν, Καταχωρήστε ετικέτα πρώτοι!

MARC

LEADER 00000cam a2200000 i 4500
001 1/96573
008 081104s1946 gre d
035 |l 10101392 
040 |a GR-MY-UA  |b gre  |e aacr 
041 0 |a gre  |b eng 
082 0 |a 616.9362  |2 (22) 
100 1 |a Μαντέκος, Αθανάσιος Γ. 
245 1 2 |a Η κατά το 1942 επιδημία ελονοσίας εν Μακεδονία :   |b και τα εκ ταύτης συμπεράσματα /   |c υπό Αθανασίου Γ. Μαντέκου.  
260 |a Θεσσαλονίκη :   |b Ελληνική Ιατρική,   |c 1946.  
300 |a 72 σ. :   |b εικ., πίν., σχέδια ;   |c 24 εκ.  
500 |a Διατριβή επί υφηγησία.  
500 |a Περιέχει περίληψη στα αγγλικά.  
500 |a Ανατύπωσις εκ του περιοδικού "Ελληνικής Ιατρικής", τέυχος 6ον 
504 |a Βιβλιογραφία: σ. 71-72 
506 1 |a Μόνο για ανάγνωση.   |c Βρίσκεται σε ειδικό ράφι. Διαθέσιμο εάν ζητηθεί.  
650 0 0 |a Malaria  |x Prevention  |x Research  |z Macedonia. 
650 0 0 |a Malaria  |x Epidemiology. 
852 |a INST  |b LESVOS  |e 20081104  |h 616.9362 ΜΑΝ  |p 005100043396  |q 005100043396  |t BK  |y 0 
901 |a BIBL1-2008-3 
909 |a Λ  |b 156140 
970 |a ΚΑΡΑ  |b ΓΙΑΣΕΜΗ  |z 2008/11/04